LEADER 01021nam0-2200349---450- 001 990009930420403321 005 20150206095102.0 010 $a978-88-339-2352-9 035 $a000993042 035 $aFED01000993042 035 $a(Aleph)000993042FED01 035 $a000993042 100 $a20150119d2012----km-y0itay50------ba 101 0 $aita 102 $aIT 105 $ay-------001yy 200 1 $a<>Formazione psicoanalitica$e1938-68$fAnna Freud$gprefazione di Giovanni Sias$gtraduzione di Ada Cinato 210 $aTorino$cBollati Boringhieri$d2012 215 $a141 p.$d18 cm 225 1 $aBiblioteca Bollati Boringhieri$v218 610 0 $aPsicoanalisi 676 $a150.1952$v21$zita 700 1$aFreud,$bAnna$0159314 702 1$aSias,$bGiovanni 702 1$aCinato,$bAda 801 0$aIT$bUNINA$gREICAT$2UNIMARC 901 $aBK 912 $a990009930420403321 952 $aCollez. 2463 (218)$b50888$fFSPBC 959 $aFSPBC 996 $aFormazione psicoanalitica$9821802 997 $aUNINA LEADER 03001nas 2200877-a 450 001 996251298603316 005 20240129213017.0 011 $a1555-824X 035 $a(DE-599)ZDB2181248-2 035 $a(OCoLC)59822929 035 $a(CKB)954925598629 035 $a(CONSER)--2005212289 035 $a(EXLCZ)99954925598629 100 $a20050429a19929999 s-- a 101 0 $aeng 135 $aurcnu|||||||| 181 $ctxt$2rdacontent 182 $cc$2rdamedia 183 $acr$2rdacarrier 200 10$aAmerican journal of medical quality 210 $a[Thousand Oaks, Calif.] $cSAGE Publications 210 31$a[Hagertown, MD]:$cWolters Kluwer Health 215 $a1 online resource 300 $aRefereed/Peer-reviewed 311 $a1062-8606 531 $aAM J MED QUAL 531 $aAM. J. MED. QUAL 606 $aMedical care$xQuality control$vPeriodicals 606 $aMedical care$xUtilization review$vPeriodicals 606 $aMedical care$xQuality control$2fast$3(OCoLC)fst01013833 606 $aMedical care$xUtilization review$2fast$3(OCoLC)fst01013895 606 $aService de santé$2rasuqam 606 $aSoins médicaux$2rasuqam 606 $aQuality of Health Care 606 $aHealth Services 606 $aQuality Assurance, Health Care 606 $aCost Control 606 $aUtilization Review 606 $aSoins médicaux$xQualité$xContrôle$vPériodiques 606 $aSoins médicaux$xUtilisation$xÉvaluation$vPériodiques 606 $aServices de santé 606 $aSoins médicaux$xQualité$xContrôle 606 $aCoût$xContrôle 606 $aSoins médicaux$xUtilisation$xÉvaluation 606 $acost control$2aat 608 $aPeriodicals.$2fast 608 $aPeriodicals.$2lcgft 608 $aRessource Internet (Descripteur de forme)$2rasuqam 608 $aPériodique électronique (Descripteur de forme)$2rasuqam 608 $aperiodicals.$2aat 608 $aPériodiques.$2rvmgf 610 $aHealth and social care 615 0$aMedical care$xQuality control 615 0$aMedical care$xUtilization review 615 7$aMedical care$xQuality control. 615 7$aMedical care$xUtilization review. 615 7$aService de santé. 615 7$aSoins médicaux. 615 12$aQuality of Health Care. 615 12$aHealth Services. 615 22$aQuality Assurance, Health Care. 615 22$aCost Control. 615 22$aUtilization Review. 615 6$aSoins médicaux$xQualité$xContrôle 615 6$aSoins médicaux$xUtilisation$xÉvaluation 615 6$aServices de santé. 615 6$aSoins médicaux$xQualité$xContrôle. 615 6$aCoût$xContrôle. 615 6$aSoins médicaux$xUtilisation$xÉvaluation. 615 7$acost control. 676 $a362.1 712 02$aAmerican College of Medical Quality, 906 $aJOURNAL 912 $a996251298603316 996 $aAmerican journal of medical quality$92425831 997 $aUNISA